Miasta w Tajlandii - nagła śmierć - Statystyki

Ogólne statystyki
  • Ten quiz został rozwiązany 30 razy
  • Średni wynik to 5 z 11
Answers on the Grid
Answers color-coded by a green-red scale on the quiz's grid according to % correct below.
Bandar Seri Begawan
Rangun
Wientian
Siem Reab
Cottogram
Hajdarabad
Johor Bahru
Kelang
Ho Chi Minh
Bangkok
Chiang Mai
Hat Yai
Kohn Kaen
Nakhon Ratchasima
Nonthaburi
Pak Kret
Pattaya
Phuket
Surat Thani
Udon Thani
 
Statystyki odpowiedzi
Odpowiedź % Poprawnych
Bangkok
84%
Pattaya
76%
Phuket
68%
Chiang Mai
48%
Pak Kret
44%
Udon Thani
40%
Kohn Kaen
36%
Surat Thani
36%
Hat Yai
32%
Nonthaburi
28%
Nakhon Ratchasima
24%
Nie znaleziono quizów pasujących do podanych kryteriów
Rozkład punktacji
Procent ludzi z każdym wynikiem
Percentyl według liczby udzielonych odpowiedzi
Twoja historia wyników
Nie rozwiązałeś tego quizu